000 00616cam a2200145 4500500
005 20260208005946.0
041 _afre
042 _adc
100 1 0 _aNøjgaard, Morten
_eauthor
245 0 0 _aJOSÉ -LUIS DIAZ, L’écrivain imaginaire. Scénographies auctoriales à l’époque romantique. Paris, Honoré Champion, 2007. Un vol. de 695 p.
260 _c2009.
500 _a1
786 0 _nRevue d'histoire littéraire de la France | 109 | 1 | 2009-02-17 | p. 211h-253h | 0035-2411
856 4 1 _uhttps://shs.cairn.info/revue-d-histoire-litteraire-de-la-france-2009-1-page-211h?lang=fr&redirect-ssocas=7080
999 _c1654561
_d1654561